000 00527nam a2200145Ia 4500
008 151213s9999 xx 000 0 und d
100 _aওয়াকিল আহমদ
245 _aকাজী নজরুল ইসলাম ( জন্মশতবর্ষ)
_cওয়াকিল আহমদ
260 _aঢাকা
_bএশিয়াটিক সোসাইটি
_c2000
300 _a7179 p.
650 _aBangla
650 _aBangla Literature
700 _aওয়াকিল আহমদ
999 _c3818
_d3818